000 00365nam a2200157Ia 4500
003 Ost
005 20260225132557.0
008 260225s9999||||xx |||||||||||||| ||und||
040 _cfsic
041 _afre
082 _a440
100 _aTraverso Véronique
_eAuteur
245 0 _aL'analyse des conversations /
245 0 _cTraverso Véronique
942 _cكتاب
999 _c34539
_d34539